|
|
|
|
| LEADER |
00928nam a2200217 a 4500 |
| 001 |
GR-MES4325 |
| 008 |
991111s1995 gr 000 0 gre d |
| 020 |
|
|
|a 9602322705
|
| 040 |
|
|
|a GrPaTEI
|b gre
|c GR-PaULI
|
| 245 |
0 |
2 |
|a Η τρίτη ελληνική προεδρία στην ευρωπαϊκή κοινότητα/ευρωπαϊκή ένωση.
|
| 260 |
|
|
|a Αθήνα :
|b ΑΝΤ.Ν.Σάκκουλα,
|c 1995
|
| 300 |
|
|
|a 218σελ.
|
| 650 |
|
4 |
|a Ευρωπαϊκή Ενωση
|
| 650 |
|
4 |
|a ΕΥΡΩΠΑΙΚΗ ΚΟΙΝΟΤΗΤΑ
|
| 700 |
1 |
|
|a Περράκη, Στ.
|
| 700 |
1 |
|
|a Φραγκάκη, Ν.
|
| 710 |
0 |
|
|a ΑΝΤ.Ν.Σάκκουλα
|
| 942 |
|
|
|2 ddc
|
| 952 |
|
|
|0 0
|1 0
|2 ddc
|4 0
|6 337_142000000000000_ΠΕΡ
|7 0
|9 268986
|a MSLG
|b MSLG
|c BSC
|d 2021-01-17
|e 24
|f 0
|g 0.00
|l 0
|o 337.142 ΠΕΡ
|p 2420000010698
|r 2021-01-17 00:00:00
|t 1
|w 2021-01-17
|y BK15
|x 19991111 0 1
|x GrPaTEI
|
| 971 |
|
|
|a .b2575371x
|b 16-04-20
|c 13-09-16
|
| 999 |
|
|
|c 155079
|d 155079
|